000 00715nam a2200205Ia 4500
005 20240530101937.0
008 140319s1972 xx 000 0 ara d
040 _aGCL /
_cGCL
082 0 4 _a515.2 /
_bت م
100 1 _aتوفيق انطوان
245 1 0 _aمبادئ التفاضل والتكامل لطلبة السنة الاعدادية بكليات الهندسة /
_cتوفيق مطران
260 _aالقاهرة :
_bالمؤلف،
_c1972
300 _a452 ص؛
_b24 سم
650 0 4 _aالتفاضل والتكامل
650 0 4 _aالرياضيات
650 0 4 _aالعلوم البحتة
650 0 4 _aالدوال
942 _2ddc
_cBK
999 _c28899
_d28899